Fear of Water - Noah Kahan (All Lyrics) - Statistics

General Stats
  • This quiz has been taken 69 times
  • The average score is 163 of 206
Answer Stats
Lyrics % Correct
water
100%
what
100%
a
93%
so
93%
the
93%
to
93%
you
93%
You
93%
afraid
87%
be
87%
but
87%
But
87%
dive
87%
Give
87%
gonna
87%
I
87%
If
87%
I'll
87%
I'm
87%
in
87%
in?
87%
it?
87%
it
87%
It's
87%
it's
87%
not
87%
of
87%
right
87%
Right
87%
take
87%
think
87%
try
87%
you're
87%
And
80%
and
80%
Are
80%
brave,
80%
Can
80%
can
80%
for
80%
little
80%
on
80%
should
80%
some
80%
while
80%
foot
73%
How
73%
how
73%
it'll
73%
just
73%
my
73%
One
73%
one
73%
other
73%
out
73%
response
73%
side
73%
tragedy
73%
all
67%
am
67%
aren't
67%
can't
67%
Don't
67%
don't
67%
excuse
67%
now
67%
Now
67%
still
67%
sweet
67%
swim
67%
tears
67%
These
67%
you'll
67%
bad
60%
broken
60%
chemical
60%
fall
60%
find
60%
fix
60%
flaws?
60%
get
60%
live
60%
over
60%
supposed
60%
therapy?
60%
as
53%
bitterness
53%
by
53%
Darling,
53%
empathy
53%
energy
53%
fear
53%
forgetting
53%
Honey,
53%
they
53%
Today
53%
why
53%
bricks
47%
deceived
47%
down
47%
say
47%
ton
47%
bridge
40%
'Cause
40%
Weighed
40%
No matching quizzes found
Score Distribution
Percent of People with Each Score
Percentile by Number Answered
Your Score History
You have not taken this quiz